000 02199cam a2200289 4500500
005 20251228050051.0
041 _afre
042 _adc
100 1 0 _aBarsotti, Bernard
_eauthor
245 0 0 _aLe « jugement motivé » et son intensité
260 _c2005.
500 _a44
520 _aDans sa Psychologie d’un point de vue empirique (côté 1874,1911,1914-1917), Brentano a jeté les bases d’une conception intentionnelle des actes de conscience. Mais où se situe, exactement, la contribution, plus ou moins contestée, de la Psychologie à la conception phénoménologique, husserlienne, de l’intentionnalité? En suivant l’évolution des analyses brentaniennes, on découvre que son apport se confirme moins du côté de la conscience noétique, selon la vision habituelle, que du côté de l’objet intentionnel, auquel Brentano donne un tout nouveau statut ontologique en retravaillant la notion sensualiste d’intensité de la représentation en termes de motivation par le pôle-objet.
520 _aIn his Psychology from an empirical standpoint (1874,1911,1914-1917), Brentano has laid the basics for an intentional conception of the act of consciousness. But in what does exactly consist the contribution, on several occasions denied, of the Psychology to the phenomenological, husserlian conception of intentionality? Following the steps of brentanian analysis makes clear that his contribution is not on subjective side of noetic consciousness, as usually said, but on the side of intentional object, which Brentano gives a renewed meaning to throughout the reconsideration of the sensualistic idea of intensity of representation into that of motivation by the object-pole.
690 _aBrentano
690 _aIntentionnalité
690 _aJugement
690 _aMotivation
690 _aObjet intentionnel
690 _aBrentano
690 _aIntentional object
690 _aIntentionality
690 _aJudgment
690 _aMotivation
786 0 _nArchives de philosophie | 68 | 3 | 2005-09-01 | p. 465-491 | 0003-9632
856 4 1 _uhttps://shs.cairn.info/revue-archives-de-philosophie-2005-3-page-465?lang=fr&redirect-ssocas=7080
999 _c1579738
_d1579738